Návrh a vývoj konceptu robotickej humanoidnej ruky

Saved in:
Bibliographic Details
Main Author: Fazekas, Daniel (Author)
Other Authors: Vachálek, Ján (Thesis advisor)
Format: Manuscript Book
Language:Slovak
Published: 2021
Subjects:
Online Access:http://is.stuba.sk/zp/portal_zp.pl?podrobnosti=156523
Tags: Add Tag
No Tags, Be the first to tag this record!

MARC

LEADER 00000ntm a22000003a 4500
001 stuzp85223
003 SK-STU
005 20210612213829.2
007 ta
008 150427s2015----xo-----f-mn---000-0-slo-d
040 |a STU  |b slo 
041 0 |a slo 
100 1 |a Fazekas, Daniel  |u 020020  |k Z4  |4 aut  |U SjF Strojnícka fakulta  |T SjF Ústav automatizácie, merania a aplikovanej informatiky  |X 87688  |U J0020  |Y 802  |7 87688 
242 0 1 |a Design and development of a robotic humanoid hand concept  |y eng 
245 1 0 |a Návrh a vývoj konceptu robotickej humanoidnej ruky 
260 |c 2021 
650 4 |a robotika  |2 slo 
650 4 |a protéza  |2 slo 
650 4 |a python  |2 slo 
650 4 |a python  |2 eng 
650 4 |a hand of humanoid  |2 eng 
650 4 |a robotics  |2 eng 
700 1 |a Vachálek, Ján  |u 020020  |k Z1  |4 ths  |U SjF Strojnícka fakulta  |T SjF Ústav automatizácie, merania a aplikovanej informatiky  |X 2232  |U J0020  |Y 802  |7 A000002232 
856 4 |u http://is.stuba.sk/zp/portal_zp.pl?podrobnosti=156523